A szlovákiai adóreform 2004-ben - a 19% egy éve

Slovenská daňová reforma v roku 2004. Základné ciele a podstata slovenskej daňovej reformy. Zavedenie rovnej dane. Zjednodušený daňový systém. Priame dane. Dane z príjmov fyzických osôb. Miestne dane. Daň z pridanej hodnoty a spotrebná daň. Dane z príjmov právnických osôb. Politické a ekonomické poz...

Descrizione completa

Salvato in:
Dettagli Bibliografici
Autore principale: Dudáš, Tomáš, 1976-
Altri autori: Árendás, Csaba, Illés, Gábor, Szinek Kénesy, Marianna
Natura: Capitolo di libro
Lingua:ungherese
Soggetti:
Tags: Aggiungi Tag
Nessun Tag, puoi essere il primo ad aggiungerne!!

MARC

LEADER 00000naa$a2200000$$$4500
001 0047949
005 20240502071542.2
041 0 |a hun 
044 |a SK 
245 1 0 |a A szlovákiai adóreform 2004-ben - a 19% egy éve  |c Tomáš Dudáš, Csaba Árendás, Gábor Illés, Marianna Szinek Kénesy 
520 |a Slovenská daňová reforma v roku 2004. Základné ciele a podstata slovenskej daňovej reformy. Zavedenie rovnej dane. Zjednodušený daňový systém. Priame dane. Dane z príjmov fyzických osôb. Miestne dane. Daň z pridanej hodnoty a spotrebná daň. Dane z príjmov právnických osôb. Politické a ekonomické pozadie daňovej reformy v Slovenskej republike. 
610 2 0 |a dane spotrebné 
610 2 0 |a dane z hodnoty pridanej 
610 2 0 |a dane z príjmov 
610 2 0 |a osoby fyzické 
610 2 0 |a osoby právnické 
610 2 0 |a reformy daňové 
610 2 0 |a Slovensko 
100 1 |a Dudáš, Tomáš, 1976- 
700 1 |a Árendás, Csaba 
700 1 |a Illés, Gábor 
700 1 |a Szinek Kénesy, Marianna